000
00173nam a2200073Ia 4500
008
170617s9999 xx 000 0 und d
100
_a
Jain-N.C
245
0
_a
Computer for Nurses
260
_b
Kumar Publishing
999
_c
12703
_d
12703